000
00211 a2200097 4500
001
19606
100
_a
Tisza L
245
_a
Generalized Thermodynamics
260
_a
_b
M I T Press
_c
1966
090
_c
14292
_d
14292
942
_a
NUST-CAE
_c
M
_c
4772
999
_c
254679
_d
254679